Consejos políticos.
সংরক্ষণ করুন:
| প্রধান লেখক: | |
|---|---|
| বিন্যাস: | গ্রন্থ |
| ভাষা: | স্প্যানিশ গ্রিক |
| প্রকাশিত: |
Madrid, España:
Centro de Estudios Constitucionales,
1991.
|
| মালা: | Clásicos Políticos.
|
| বিষয়গুলি: | |
| ট্যাগগুলো: |
ট্যাগ যুক্ত করুন
কোনো ট্যাগ নেই, প্রথমজন হিসাবে ট্যাগ করুন!
|
MARC
| LEADER | 00000nam a2200000 a 4500 | ||
|---|---|---|---|
| 001 | UCZ1996 | ||
| 003 | CL-VaPUC | ||
| 005 | 20220822114326.0 | ||
| 008 | 950925e19910000SP |||||||||||||||||spa|d | ||
| 999 | |c 238661 |d 238659 | ||
| 020 | |a 978-8425908866 | ||
| 040 | |c Pontificia Universidad Católica de Valparaíso | ||
| 041 | 0 | 7 | |a spa |2 CL-VaPUC |
| 041 | 0 | 7 | |a gre |2 CL-VaPUC |
| 082 | 0 | 4 | |a 320.01 PLU 1991 |2 21 |
| 100 | 0 | |a Plutarco |e autor |9 319084 | |
| 245 | 1 | 0 | |a Consejos políticos. |
| 260 | |a Madrid, España: |b Centro de Estudios Constitucionales, |c 1991. | ||
| 300 | |a 209 páginas. | ||
| 490 | 0 | |a Clásicos Políticos. | |
| 500 | |a c.2 Donación Familia Prof. Alejandro Guzmán Brito. | ||
| 583 | |a last modification |c 19950925 00:00:00 |k Rodrigo Vera | ||
| 650 | 0 | |a Política |z Grecia |9 255312 | |
| 650 | 0 | |a Vida política |2 CL-VaPUC |9 337438 |z Grecia | |
| 942 | |c BK |2 ddc |n 0 | ||
| 945 | |d 19950925 00:00:00 |a rbrito | ||
| 952 | |0 0 |1 0 |2 ddc |4 0 |6 320_010000000000000_PLU_1991 |7 0 |8 DER_TF |9 249018 |a BIBDER |b BIBDER |d 2019-11-18 |i 3134849 |o 320.01 PLU 1991 |p 3134849 |r 2023-01-25 |t 1 |w 2019-11-18 |x Ubicación 4to Piso |y BK |z Estos recursos deben solicitarse con anticipación |k DER | ||
| 952 | |0 0 |1 0 |2 ddc |4 0 |6 320_010000000000000_PLU_1991 |7 1 |8 C_AGB |9 580147 |a BIBDER |b BIBDER |d 2022-01-05 |e Donación |i 5635187 |o 320.01 PLU 1991 |p 5635187 |r 2023-01-25 |t 2 |w 2022-01-05 |y BK_US |k AGB | ||